Hindustānī qisson̲ se maʼkhūz̲ Urdū masnaviyān̲. (Record no. 53712)

MARC details
000 -LEADER
fixed length control field 00635cam a22002411 4500
001 - CONTROL NUMBER
control field sa 63000933
003 - CONTROL NUMBER IDENTIFIER
control field DLC
005 - DATE AND TIME OF LATEST TRANSACTION
control field 20260227111924.0
008 - FIXED-LENGTH DATA ELEMENTS--GENERAL INFORMATION
fixed length control field 890619s1962 ii b 000 0 urdr
010 ## - LIBRARY OF CONGRESS CONTROL NUMBER
LC control number sa 63000933
035 ## - SYSTEM CONTROL NUMBER
System control number (OCoLC)19894451
040 ## - CATALOGING SOURCE
Original cataloging agency DLC
Transcribing agency WaU
Modifying agency DLC
042 ## - AUTHENTICATION CODE
Authentication code premarc
043 ## - GEOGRAPHIC AREA CODE
Geographic area code a-ii---
050 00 - LIBRARY OF CONGRESS CALL NUMBER
Classification number PK2167
Item number .N3
100 1# - MAIN ENTRY--PERSONAL NAME
Personal name Narang, Gopi Chand,
Dates associated with a name 1931-
245 10 - TITLE STATEMENT
Title Hindustānī qisson̲ se maʼkhūz̲ Urdū masnaviyān̲.
260 ## - PUBLICATION, DISTRIBUTION, ETC.
Date of publication, distribution, etc. [1962]
300 ## - PHYSICAL DESCRIPTION
Extent 384 p.
Dimensions 19 cm.
500 ## - GENERAL NOTE
General note In Urdu.
504 ## - BIBLIOGRAPHY, ETC. NOTE
Bibliography, etc. note Bibliography: p. 363-379.
650 #0 - SUBJECT ADDED ENTRY--TOPICAL TERM
Topical term or geographic name entry element Urdu poetry
General subdivision History and criticism.

No items available.

Powered by Koha